Matériel Infirmier - Statistiques

Statistiques générales
  • Ce quiz a été pris 700 fois
  • Le résultat moyen est 4 sur 9
Statistiques - réponses
Par images Réponse % Correct
Seringue
89%
Tensiomètre
83%
Ciseaux
78%
Set à pansement
50%
Pince Kocher
43%
Glucomètre
32%
Thermomètre frontal
22%
Oxymètre de pouls
9%
Pilulier hebdomadaire
5%
Aucun quiz correspondant
Distribution des résultats
% des personnes avec chaque résultat
Percentile par nombre de réponses
Votre historique - résultats
Vous n’avez pas pris ce quiz